Análisis de la situación forestal de Colombia: (Registro nro. 612)

Detalles MARC
000 -CABECERA
Campo de control 00671nam a2200229 a 4500
005 - FECHA Y HORA DE LA ULTIMA TRANSACCION
Campo de control 20191217041552.0
008 - ELEMENTOS DE LONGITUD FIJA—INFORMACION GENERAL
Campo de control 151125b xxu||||| |||| 00| 0 spa d
040 ## - FUENTE DE CATALOGACIÓN
Agencia catalogadora original CO-BoIAVH
Agencia transcriptora CO-BoIAVH
041 ## - IDIOMA
Código de idioma para texto/pista de sonido o título separado Español
044 ## - PAÍS DE PUBLICACIÓN
País de publicación Colombia
090 ## - CLASIFICACIÓN LOCAL
Colección IND-I-
Consecutivo 13
100 ## - ASIENTO PRINCIPAL--NOMBRE PERSONAL
Nombre personal Arnolli, Berend Menno
9 (RLIN) 42979
245 10 - MENCION DE TITULO
Título Análisis de la situación forestal de Colombia:
Parte restante del título parte I
260 ## - PUBLICACION, DISTRIBUCION, ETC. (PIE DE IMPRENTA)
Lugar de publicación, distribución, etc. Bogotá
Nombre del editor, distribuidor, etc. Inderena
Fecha de publicación, distribución, etc. 1977
300 ## - DESCRIPCION FISICA
Extensión 145. páginas
650 ## - ASIENTO SECUNDARIO DE MATERIA - TERMINO TEMATICO
Término temático o nombre geográfico como elemento de entrada Recursos forestales
9 (RLIN) 89363
650 ## - ASIENTO SECUNDARIO DE MATERIA - TERMINO TEMATICO
Término temático o nombre geográfico como elemento de entrada Análisis económico
9 (RLIN) 89364
650 ## - ASIENTO SECUNDARIO DE MATERIA - TERMINO TEMATICO
Término temático o nombre geográfico como elemento de entrada Aprovechamiento forestal
9 (RLIN) 89365
650 ## - ASIENTO SECUNDARIO DE MATERIA - TERMINO TEMATICO
Término temático o nombre geográfico como elemento de entrada Bosques plantados
9 (RLIN) 7758
650 ## - ASIENTO SECUNDARIO DE MATERIA - TERMINO TEMATICO
Término temático o nombre geográfico como elemento de entrada Comercio de especies
9 (RLIN) 4307
942 ## - ELEMENTOS ADICIONALES (KOHA)
Tipo de ítem Informe Técnico
Sistema de clasificación Local
Existencias
Withdrawn status Lost status Sistema de Clasificación Damaged status No para préstamo Colección Ubicación Permanente Ubicación actual Fecha de adquisición Fuente de adquisición Total Checkouts Número topográfico Inventario / Código de Barras Date last seen Ejemplar Price effective from Forma de adquisición Tipo de material
    Local     Fondo Inderena Bogotá Bogotá 29/05/1998 Inderena   IND-I-13 000865 04/12/2012 Ej. 1 04/12/2012 Traslado Inderena Informe Técnico
    Local     Fondo Inderena Bogotá Bogotá 29/05/1998 Inderena   IND-I-13 000866 04/12/2012 Ej. 2 04/12/2012 Traslado Inderena Informe Técnico
    Local       Bogotá Bogotá 20/03/2018     MC-0363 000868 20/03/2018 Ej. 1 20/03/2018 Traslado Inderena Mapa
    Local       Bogotá Bogotá 20/03/2018     MC-0363 000870 20/03/2018 Ej. 2 20/03/2018 Traslado Inderena Mapa